KOHA-Header-6

انتخاب نہج البلاغہ (Record no. 13533)

000 -LEADER
fixed length control field 00381nam a22001217a 4500
082 ## - DEWEY DECIMAL CLASSIFICATION NUMBER
Classification number 297.12
Item number م خ د
100 ## - MAIN ENTRY--AUTHOR NAME
Personal name ابو محمّد مخدوم زادہ
245 ## - TITLE STATEMENT
Title انتخاب نہج البلاغہ
260 ## - PUBLICATION, DISTRIBUTION, ETC. (IMPRINT)
Place of publication لاہور
Name of publisher یو پبلشرز
Year of publication ٢٠٠٨
300 ## - PHYSICAL DESCRIPTION
Number of Pages ٢٥٥ صفحات
650 ## - SUBJECT ADDED ENTRY--TOPICAL TERM
Topical Term Intikhab neej ul balagha, Hazrat Ali, Khutbat, irshadat
942 ## - ADDED ENTRY ELEMENTS (KOHA)
Koha item type Books
Holdings
Withdrawn status Lost status Collection code Permanent Location Current Location Shelving location Date acquired Full call number Accession Number Koha item type
    Islamic Studies MAJU MAJU Shelf No.A-9 2022-12-07 297.12 م خ د 10629 Books

Powered by Koha